000 00700nam a22002177a 4500
003 AM-YEHGA
005 20250617164116.0
008 211005s1962 ru ||||| |||| 00| 0 rus d
040 _aAM-YeHGA
041 0 _arus
100 1 _aДеметриус, Василе
245 1 0 _aРассказы :
_cВ. Деметриус ; Пер. Н. Богдан
260 _aБухарест :
_bРед. "Народная Румыния",
_c1962.
300 _a34 с.
440 0 _aБиблиотека "Народная Румыния"
_v6. 1962
650 1 4 _aРумынская литература
700 1 _aБогдан, Н.
_eпер.
_4trl
942 _2udc
_cBK
001 1793906
090 _c521612
999 _c518058
_d518058